[Event "7th Itau Cup"]
[Site "Sao Paulo BRA"]
[Date "2003.09.29"]
[Round "3"]
[White "Alonso Moyano,J"]
[Black "Matsuura,E"]
[Result "0-1"]
[WhiteElo "2281"]
[BlackElo "2452"]

1.e4 c5 2.Nf3 Nc6 3.Bb5 e6 4.b3 Nge7 5.Bb2 a6 6.Bxc6 Nxc6 7.O-O b5 8.d4 cxd4
9.Nxd4 Qb6 10.Nf3 f6 11.a4 b4 12.Nbd2 Be7 13.Nc4 Qc7 14.Nd4 O-O 15.f4 Bb7
16.Qd3 Nxd4 17.Bxd4 d5 18.exd5 Bxd5 19.Nb6 Rad8 20.Qe3 Bb7 21.Qxe6+ Rf7 22.Bf2 Rd6
23.Qe3 Qc6 24.Qh3 f5 25.Nc4 Rg6 26.Ne3 Rh6 27.Qf3 Qxf3 28.gxf3 Rg6+ 29.Bg3 Bc5  0-1

[Event "2nd League TCh-SCG"]
[Site "Belgrade SCG"]
[Date "2003.09.30"]
[Round "4"]
[White "Nestorovic,N"]
[Black "Maric,Dr"]
[Result "0-1"]
[WhiteElo "2152"]
[BlackElo "2262"]

1.e4 c5 2.Nf3 Nc6 3.Bb5 g6 4.Bxc6 bxc6 5.O-O Bg7 6.c3 Nf6 7.Re1 O-O 8.d4 cxd4
9.cxd4 d5 10.e5 Ne4 11.Nc3 Nxc3 12.bxc3 Bg4 13.Ba3 f6 14.e6 f5 15.Qd3 Bxf3
16.Qxf3 Bf6 17.Bc5 Qa5 18.a4 Qa6 19.Qe2 Qxe2 20.Rxe2 Rfb8 21.a5 Rb3 22.Rc2 a6
23.f4 Rab8 24.Kf1 R8b5 25.Ke2 Rxc5 26.dxc5 Bxc3 27.Ra4 Kg7 28.Kd3 Bxa5+ 29.Kd4 Rb5
30.Ke5 Bc7+ 31.Kd4 a5 32.g3 Kf6 33.Re2 h6 34.h4 g5 35.hxg5+ hxg5 36.fxg5+ Kxg5
37.Rg2 Rb3 38.Ra1 Kf6 39.Re1 Bxg3 40.Re3 Be5+ 41.Rxe5 Rb4+  0-1

[Event "7th Itau Cup"]
[Site "Sao Paulo BRA"]
[Date "2003.09.30"]
[Round "4"]
[White "Crosa,M"]
[Black "Ramon,V"]
[Result "1/2-1/2"]
[WhiteElo "2412"]
[BlackElo "2225"]

1.e4 c5 2.Nf3 Nc6 3.Bb5 g6 4.Bxc6 bxc6 5.d3 Bg7 6.O-O Nh6 7.Nc3 f6 8.Be3 d6
9.d4 cxd4 10.Qxd4 Ng4 11.Bd2 Ba6 12.Rfd1 Qb6 13.Na4 Qxd4 14.Nxd4 Kf7 15.Nc3 Rhc8
16.Nf3 Ne5 17.Nxe5+ fxe5 18.Be3 Rc7 19.Rd2 Rb8 20.b3 h5 21.Na4 Bb5 22.Nb2 c5
23.c4 Bc6 24.f3 a5 25.Rc1 a4 26.bxa4 Rcb7 27.Rcc2 Ra8 28.Rd3 Bxa4 29.Nxa4 Rxa4
30.Bc1 Rb1 31.Kf2 Ra1 32.a3 Rb1 33.Rdc3 Bf6 34.Ke2 Ke6 35.Kd3 Kd7 36.Rb2 Rxb2
37.Bxb2 Bg5 38.Rb3 Kc7 39.Rb5 Ra8 40.Kc3 Be3 41.Kb3 Bd2 42.Kc2 Be1 43.Bc1 Ra4
44.Kb3 Ra8 45.Bg5 e6 46.a4 Bb4 47.Bc1 Kc6 48.Be3 Kc7 49.Bf2 Bd2 50.Bg3 Kc6
51.Bh4 Kc7 52.Be7 Re8 53.Bf6 Rf8 54.Bh4  1/2-1/2

[Event "Tatry Open"]
[Site "Tatranske Zruby SVK"]
[Date "2003.09.30"]
[Round "5"]
[White "Karnik,P"]
[Black "Kubos,R"]
[Result "1-0"]
[WhiteElo "2392"]
[BlackElo "2218"]

1.e4 c5 2.Nf3 Nc6 3.Bb5 g6 4.O-O Bg7 5.c3 e5 6.Re1 Nge7 7.d4 cxd4 8.cxd4 exd4
9.Bf4 d6 10.Nxd4 O-O 11.Bxc6 bxc6 12.Nc3 Bb7 13.Nb3 d5 14.e5 Nf5 15.Rc1 Re8
16.Qd2 f6 17.e6 Bf8 18.Na4 Ng7 19.Nd4 Rc8 20.Nc5 Ba8 21.Qc3 Bd6 22.Qf3 Bxc5
23.Rxc5 Qb6 24.Qc3 Qd8 25.b4 g5 26.Bg3 Bb7 27.h4 h6 28.Qd3 Re7 29.Qg6 Qe8
30.Qxf6 Nh5 31.Qxh6 Nxg3  1-0

[Event "Tatry Open"]
[Site "Tatranske Zruby SVK"]
[Date "2003.09.30"]
[Round "5"]
[White "Sejkora,V"]
[Black "Michenka,J"]
[Result "1/2-1/2"]
[WhiteElo "2215"]
[BlackElo "2357"]

1.e4 c5 2.Nf3 Nc6 3.Bb5 g6 4.c3 Nf6 5.Qe2 Bg7 6.O-O O-O 7.d4 cxd4 8.cxd4 d5
9.exd5 Nb4 10.Nc3 Nbxd5 11.Re1 h6 12.b3 a6 13.Bc4 b5 14.Bxd5 Nxd5 15.Nxd5 Qxd5
16.Qxe7 Bb7 17.Bf4 Rad8 18.Be5 Rd7 19.Qc5 f6 20.Bf4  1/2-1/2

[Event "2nd League TCh-SCG"]
[Site "Belgrade SCG"]
[Date "2003.10.01"]
[Round "5"]
[White "Marinovic,B"]
[Black "Damjanovic,D"]
[Result "1-0"]
[WhiteElo "2332"]
[BlackElo "2276"]

1.e4 c5 2.Nf3 Nc6 3.Bb5 g6 4.O-O Bg7 5.Qe2 e5 6.c3 Nge7 7.a3 O-O 8.b4 d6
9.d3 a6 10.Bc4 b5 11.Bb3 a5 12.bxc5 dxc5 13.Be3 Qd6 14.Rd1 Ba6 15.Ne1 b4
16.axb4 cxb4 17.cxb4 Qxb4 18.Qa2 Qb7 19.Na3 Nb4 20.Qb1 Rfb8 21.Nc4 Nbc6 22.Nb6 Ra7
23.Qa2 Nd4 24.Bxf7+ Kh8 25.Bxd4 exd4 26.Rab1 Qc7 27.Rdc1 Nc6 28.Bd5 Rxb6
29.Rxb6 Qxb6 30.Rxc6 Qb4 31.Rc1 Rc7 32.Rb1 Qc3 33.g3 Bf8 34.Qe2 Bb4 35.Qf3 Kg7
36.e5 Qc5 37.Qf6+ Kh6 38.Qh4+ Kg7 39.Qf6+ Kh6 40.Bf3 Qf8 41.Qxa6 Bxe1 42.Rxe1 Qxf3
43.Qd6 Rc3 44.e6 Qf6 45.Re4 Rxd3 46.Qf4+ Qxf4 47.gxf4 Rd1+ 48.Kg2 d3 49.e7 d2
50.e8=Q Rg1+ 51.Kh3  1-0

[Event "2nd League TCh-SCG"]
[Site "Belgrade SCG"]
[Date "2003.10.01"]
[Round "5"]
[White "Zivkovic,S"]
[Black "Marcetic,N"]
[Result "0-1"]
[WhiteElo "2336"]
[BlackElo "2386"]

1.e4 c5 2.Nf3 Nc6 3.Bb5 g6 4.Bxc6 dxc6 5.d3 Bg7 6.O-O Bg4 7.h3 Bxf3 8.Qxf3 e6
9.Nc3 e5 10.a4 Qd6 11.a5 Nf6 12.Qe2 Nd7 13.Nd1 O-O 14.Ne3 b5 15.axb6 axb6
16.Nc4 Qc7 17.Be3 Rfe8 18.Kh1 b5 19.Nd2 Qd6 20.Nb3 Bf8 21.Qg4 h5 22.Qe2 Qe6
23.f3 Reb8 24.f4 exf4 25.Bxf4 Rxa1 26.Rxa1 Re8 27.Qf2 c4 28.Nd2 cxd3 29.cxd3 Nc5
30.Qe3 Nb3 31.Ra6 Bc5 32.Qg3 Nd4 33.Qg5 Be7 34.Qe5 Qd7 35.Be3 Nc2 36.Ra7 Qxd3
37.Bh6 Qd4 38.Qf4 Qxa7  0-1

[Event "1st ch-Mediterranean"]
[Site "Beruit LIB"]
[Date "2003.10.01"]
[Round "5"]
[White "Eid,Fa"]
[Black "Sebenik,M"]
[Result "1/2-1/2"]
[WhiteElo "2398"]
[BlackElo "2425"]

1.e4 c5 2.Nf3 Nc6 3.Bb5 g6 4.O-O Bg7 5.Re1 Nf6 6.e5 Nd5 7.Nc3 Nc7 8.Bxc6 dxc6
9.Ne4 b6 10.Nf6+ Kf8 11.Ne4 Bg4 12.d3 Ne6 13.Neg5 Nxg5 14.Bxg5 Qd5 15.Re4 Bf5
16.c4 Qd7 17.Re3 Rd8 18.Qe1 h6 19.Bh4 Kg8 20.Rd1 Bg4 21.Bg3 Kh7 22.a3 Bxf3
23.Rxf3 f5 24.exf6 exf6 25.Rd2 Rhe8 26.Re2 f5 27.Rfe3 Rxe3 28.Rxe3 g5 29.Re7 Qxd3
30.Be5 Rd7 31.Rxd7 Qxd7 32.Bxg7 Qxg7 33.Qe2 Qd7 34.h3 Kg6 35.Qe5 Kf7 36.Qh8 Qd1+
37.Kh2 Qd6+ 38.Kg1 Qf6 39.Qh7+ Ke6 40.g4 fxg4 41.hxg4 Qxb2 42.Qg8+ Kd7 43.Qf7+ Kc8
44.Qxa7 Qc1+ 45.Kg2 Qxc4 46.Qa8+ Kc7 47.Qa7+ Kd6 48.Qb8+ Kd5 49.Qd8+ Ke5
50.Qc7+ Kd4 51.Qxb6 Qd5+ 52.Kg3 Kc3 53.a4 Qe5+ 54.Kh3 Qd4 55.a5 Qxf2 56.a6 Qf3+
57.Kh2 Qf4+ 58.Kh3 h5 59.Qxc5+ Kb3 60.Qb6+ Ka2 61.Qa5+ Kb3 62.Qb6+ Ka2 63.Qa5+  1/2-1/2

[Event "7th Itau Cup"]
[Site "Sao Paulo BRA"]
[Date "2003.10.01"]
[Round "5"]
[White "Diamant,A"]
[Black "De Oliveira,E"]
[Result "1-0"]
[WhiteElo "2149"]
[BlackElo "2116"]

1.e4 c5 2.Nf3 Nc6 3.Bb5 a6 4.Bxc6 dxc6 5.h3 Qc7 6.Nc3 e5 7.d3 Bd6 8.Be3 b5
9.Qd2 Ne7 10.Ne2 Ng6 11.O-O-O a5 12.Kb1 b4 13.g3 a4 14.Nc1 h6 15.b3 Be6 16.Rdf1 Ne7
17.Ng1 Nc8 18.f4 axb3 19.cxb3 f6 20.Rh2 Na7 21.f5 Bf7 22.Kc2 Nb5 23.Kd1 Be7
24.Ke1 Rd8 25.Qc2 Na3 26.Qf2 Qa5 27.Qf3 h5 28.Rff2 Qa6 29.Kf1 Bd6 30.Kg2 Qb5
31.Kh1 Qb8 32.Rfg2 Nb5 33.Qf2 Nd4 34.Bxd4 exd4 35.Nf3 Ke7 36.Nh4 Rh6 37.Ne2 Qb5
38.Qf3 Kd7 39.Nf4 Re8 40.Rc2 Ra8 41.Rhe2 Qb8 42.Re1 Ra5 43.Ree2 Qc7 44.Rg2 Rh8
45.Rce2 Rh6 46.Kg1 Qa7 47.Nhg6 Qc7 48.Nxh5 Bxg6 49.fxg6 Kd8 50.Nf4 Qd7 51.h4 Kc7
52.h5 Kb6 53.g4 Ra8 54.Nh3 Rf8 55.Nf2 Qe6 56.Nd1 Ra8 57.Nb2 Bc7 58.Na4+ Kb5
59.Rc2 Bd6 60.Rc1 Qe5 61.Rgc2 Rxa4 62.bxa4+ Kxa4 63.Rg2 Qg5 64.Rcc2 Bf4 65.Qd1 Be3+
66.Kh1 Kb5 67.Rh2 Rh8 68.Qf3 Bf4 69.Rh3 Ra8 70.Rg2 Ra3 71.h6 b3 72.Rh5 Qxg6
73.Qxf4 bxa2 74.Qb8+ Ka4 75.Qa7+  1-0

[Event "ECC Women"]
[Site "Rethymnon GRE"]
[Date "2003.10.02"]
[Round "5"]
[White "Partac,E"]
[Black "Kochetkova,J"]
[Result "1/2-1/2"]
[WhiteElo "2253"]
[BlackElo "2293"]

1.e4 c5 2.Nf3 Nc6 3.Bb5 e6 4.O-O Nge7 5.Nc3 a6 6.Bxc6 Nxc6 7.d4 cxd4 8.Nxd4 d6
9.Nxc6 bxc6 10.Re1 e5 11.f4 Be7 12.fxe5 dxe5 13.Qxd8+ Bxd8 14.Be3 Rb8 15.b3 Ba5
16.Bd2 Be6 17.Nb1 Bxd2 18.Nxd2 Ke7 19.Nf3 f6 20.Rad1 Rhd8 21.Kf2 a5 22.Rxd8 Rxd8
23.Ke3 g6 24.Rc1 Rd7 25.g3 Rd8 26.Ne1 h5 27.Nd3 Rh8 28.Rg1 Rd8  1/2-1/2

[Event "7th Itau Cup"]
[Site "Sao Paulo BRA"]
[Date "2003.10.02"]
[Round "6"]
[White "Rosito,J"]
[Black "Chemin,V"]
[Result "0-1"]
[WhiteElo "2426"]
[BlackElo "2315"]

1.e4 c5 2.Nf3 Nc6 3.Bb5 e6 4.Bxc6 bxc6 5.d3 d5 6.O-O Be7 7.Qe2 Nf6 8.e5 Nd7
9.c4 O-O 10.Nc3 a5 11.a4 f5 12.exf6 Nxf6 13.Re1 Bd6 14.Bg5 Qc7 15.Ne5 Rb8
16.Rab1 d4 17.Na2 Nd7 18.Nf3 e5 19.Bh4 Nb6 20.Nd2 Bf5 21.Bg3 Nxa4 22.b3 Nb6
23.Ne4 Rbe8 24.Nc1 Bxe4 25.dxe4 a4 26.Qc2 axb3 27.Rxb3 Ra8 28.Nd3 Ra6 29.Reb1 Rfa8
30.Bxe5 Bxe5 31.Nxe5 Qxe5 32.Rxb6 Rxb6 33.Rxb6 h6 34.g3 Ra3 35.Qb2 Rc3 36.Rxc6 Qxe4
37.Rxc5 Rd3 38.Rc8+ Kh7 39.Qc1 Rc3 40.Qd2 Rb3 41.f3 Qb1+  0-1

[Event "Tatry Open"]
[Site "Tatranske Zruby SVK"]
[Date "2003.10.02"]
[Round "7"]
[White "Petrik,S"]
[Black "Hrbolka,L sr"]
[Result "1-0"]
[WhiteElo "2276"]
[BlackElo "2174"]

1.e4 c5 2.Nf3 Nc6 3.Bb5 g6 4.O-O Bg7 5.c3 Nf6 6.e5 Nd5 7.d4 cxd4 8.cxd4 O-O
9.Nc3 Nxc3 10.bxc3 d6 11.exd6 Qxd6 12.Be3 Bg4 13.h3 Bxf3 14.Qxf3 Rac8 15.Rfd1 a6
16.Bf1 Rfd8 17.Rac1 Rd7 18.h4 h5 19.g4 hxg4 20.Qxg4 Rf8 21.Bf4 f5 22.Qg3 Qf6
23.d5 Ne5 24.c4 b6 25.Re1 Nf7 26.Re6 Qb2 27.Rxg6 Kh7 28.Rb1 Qc3 29.Bd3 Nh6
30.Rbxb6  1-0

[Event "Tatry Open"]
[Site "Tatranske Zruby SVK"]
[Date "2003.10.02"]
[Round "7"]
[White "Sejkora,V"]
[Black "Furman,B"]
[Result "0-1"]
[WhiteElo "2215"]
[BlackElo "2312"]

1.e4 c5 2.Nf3 Nc6 3.Bb5 g6 4.O-O Bg7 5.d3 Nf6 6.h3 O-O 7.Be3 d6 8.Bxc6 bxc6
9.Nbd2 e5 10.a4 Ne8 11.Nc4 f5 12.Nh2 f4 13.Bd2 h5 14.b4 cxb4 15.Bxb4 c5 16.Ba5 Qe7
17.Rb1 Qf7 18.Qe2 Bf6 19.Rb3 g5 20.f3 Be7 21.Rd1 Kh8 22.Rdb1 Rg8 23.Be1 Nf6
24.Rb8 Rxb8 25.Rxb8 g4 26.fxg4 hxg4 27.hxg4 Qe6 28.g5 Rxg5 29.Bh4 Rg8 30.Bxf6+ Bxf6
31.Qh5+ Kg7 32.Ng4 Be7 33.Qf5 Qxf5 34.exf5 Rd8 35.Nf2 d5 36.Nxe5 Bd6 37.Nc6 Re8
38.Ra8 Re1+ 39.Kh2 Bxf5 40.Rxa7+ Kf6 41.Nd8 f3+ 42.g3 Rf1 43.Nh3 f2 44.Rf7+ Kg6
45.Kg2 Bxh3+ 46.Kxh3 Bc7 47.Kg2 Bxd8 48.Rd7 Rc1 49.Kxf2 Rxc2+ 50.Kf3 Bf6
51.Rxd5 Bd4 52.a5 Ra2 53.Rd6+ Kf5 54.g4+ Ke5 55.Ra6 Rd2 56.g5 Rxd3+ 57.Ke2 Rg3
58.g6 c4 59.Kd2 Rg2+ 60.Kd1 Ke4  0-1

[Event "ECC"]
[Site "Rethymnon GRE"]
[Date "2003.10.03"]
[Round "6"]
[White "Joachim,S"]
[Black "Fedorov,Alex"]
[Result "0-1"]
[WhiteElo "2438"]
[BlackElo "2595"]

1.e4 c5 2.Nf3 Nc6 3.Bb5 e6 4.Bxc6 bxc6 5.d3 Ne7 6.Qe2 Qc7 7.O-O Ng6 8.Ng5 e5
9.Qh5 d6 10.Nc3 h6 11.Nh3 Be7 12.f4 Bxh3 13.Qxh3 Nxf4 14.Bxf4 exf4 15.Rxf4 Bg5
16.Rf3 O-O 17.Ne2 Rae8 18.Ng3 g6 19.Raf1 d5 20.Qg4 Qd8 21.h4 Bxh4 22.Nh5 Bg5
23.Nf6+ Bxf6 24.Rxf6 Re7 25.e5 Qe8 26.Qf4 Kg7 27.Re1 Re6 28.Re3 Qe7 29.Rh3 g5
30.Rxe6 Qxe6 31.Qf2 d4  0-1

[Event "ECC Women"]
[Site "Rethymnon GRE"]
[Date "2003.10.03"]
[Round "6"]
[White "Gvetadze,S"]
[Black "Manakova,M"]
[Result "1/2-1/2"]
[WhiteElo "2287"]
[BlackElo "2365"]

1.e4 c5 2.Nf3 Nc6 3.Bb5 g6 4.Bxc6 dxc6 5.d3 Bg7 6.O-O e5 7.Be3 b6 8.Qd2 Bg4
9.Ne1 Be6 10.a4 a5 11.Na3 Ra7 12.b3 h6 13.Rb1 Nf6 14.h3 Nh5 15.Nc4 g5 16.Nf3 f6
17.Qe2 Bf7 18.Rfd1 Rd7 19.c3 O-O 20.d4 cxd4 21.cxd4 Nf4 22.Qf1 b5 23.axb5 cxb5
24.Na3 b4 25.Nc4 Bg6 26.dxe5 Bxe4 27.Nb6 Rxd1 28.Rxd1 Bd3 29.Qe1 Ne2+ 30.Kh1 fxe5
31.Bc5 Re8 32.Ng1 Nf4 33.Ra1 Ne6 34.Qe3 Nxc5 35.Qxc5 e4 36.Rxa5 Bd4 37.Qd5+ Qxd5
38.Nxd5 Rf8 39.f3 Bc3 40.Ne7+ Kf7 41.Nf5 Kg6 42.fxe4 Bxe4 43.Ng3 Bc2 44.N1e2 Bxb3
45.Rc5 Be1 46.Ne4 Re8 47.Rc6+ Re6 48.Nd4 Rxc6 49.Nxc6 Bd5 50.Ne7+ Kf7 51.Nxd5 Ke6
52.Nb6 Ke5 53.Nc5 Kd4 54.Nca4 Bc3 55.Kg1 Ba1 56.Kf1 b3 57.Ke2 b2 58.Nxb2 Bxb2
59.Kf3 h5 60.Nd7 Kd5 61.Nb6+ Kd4 62.Nd7 Kd5 63.Nb6+ Kd4 64.Nd7 Kd5 65.Nb6+  1/2-1/2

[Event "2nd League TCh-SCG"]
[Site "Belgrade SCG"]
[Date "2003.10.04"]
[Round "8"]
[White "Nestorovic,N"]
[Black "Katanic Vujic,P"]
[Result "1/2-1/2"]
[WhiteElo "2152"]
[BlackElo "2308"]

1.e4 c5 2.Nf3 Nc6 3.Bb5 g6 4.Bxc6 bxc6 5.O-O Bg7 6.c3 Nh6 7.Re1 f6 8.d4 cxd4
9.cxd4 Nf7 10.Nc3 d6 11.b3 Bd7 12.Bb2 Rc8 13.Nd2 c5 14.d5 O-O  1/2-1/2

[Event "1st ch-Mediterranean"]
[Site "Beruit LIB"]
[Date "2003.10.04"]
[Round "8"]
[White "Hakki,I"]
[Black "Bengherabi,K"]
[Result "1-0"]
[WhiteElo "2451"]
[BlackElo "2170"]

1.e4 c5 2.Nf3 Nc6 3.Bb5 g6 4.c3 Nf6 5.e5 Nd5 6.d4 cxd4 7.Qb3 e6 8.cxd4 Qb6
9.Nc3 Nc7 10.Be3 Na5 11.Qa4 a6 12.d5 Bc5 13.Bxc5 Qxc5 14.Be2 Nxd5 15.Nxd5 Qxd5
16.Qf4 Nc6 17.O-O Qc5 18.Rac1 Qb4 19.Rc4 Qxb2 20.Qf6 O-O 21.Re1 d6 22.Rxc6 bxc6
23.h4 Qc2 24.exd6 Qf5 25.Qe7 e5 26.Nxe5 Qe6 27.Bc4 Qf5 28.d7 Bxd7 29.Nxd7 Rae8
30.Nf6+ Qxf6 31.Qxf6 Rxe1+ 32.Kh2 Re4 33.Bb3 h5 34.Qxg6+  1-0

[Event "ECC Women"]
[Site "Rethymnon GRE"]
[Date "2003.10.04"]
[Round "7"]
[White "Zimina,O"]
[Black "Lomineishvili,M"]
[Result "0-1"]
[WhiteElo "2367"]
[BlackElo "2409"]

1.e4 c5 2.Nf3 Nc6 3.Bb5 g6 4.O-O Bg7 5.Re1 e5 6.Bxc6 dxc6 7.d3 Qe7 8.Nbd2 Nf6
9.Nc4 Nd7 10.a3 O-O 11.b4 Rd8 12.Bd2 b6 13.Bc3 f6 14.Nfd2 Ba6 15.Rf1 Nf8
16.f4 exf4 17.Rxf4 Ne6 18.Rf2 Nd4 19.Kh1 Bc8 20.Nf1 Be6 21.Nfe3 b5 22.Na5 Rac8
23.Qf1 Rc7 24.Re1 Qd6 25.bxc5 Qxc5 26.Bb4 Qb6 27.c3 c5 28.cxd4 cxb4 29.d5 Qxa5
30.dxe6 bxa3 31.Nd5 Rb7 32.e7 Re8 33.Rxf6 Rexe7 34.Nxe7+ Rxe7 35.Rd6 Be5
36.Rd5 a2 37.d4 Rf7 38.Qg1 Bf4 39.e5 Be3 40.Qxe3 a1=Q 41.Rg1 Rf1 42.h3 Rxg1+
43.Qxg1 Qxg1+ 44.Kxg1 Qe1+ 45.Kh2 b4 46.Rb5 Kf7 47.Rb7+ Ke6 48.Rxa7 b3 49.Rb7 Qc3
50.Rb6+ Kd5 51.Rb5+ Kxd4 52.e6 Qc7+ 53.Kg1 Qc3  0-1

[Event "1st ch-Mediterranean"]
[Site "Beruit LIB"]
[Date "2003.10.05"]
[Round "9"]
[White "Hakki,I"]
[Black "Tissir,M"]
[Result "1/2-1/2"]
[WhiteElo "2451"]
[BlackElo "2346"]

1.e4 c5 2.Nf3 Nc6 3.Bb5 e6 4.O-O Nge7 5.Nc3 Nd4 6.Nxd4 cxd4 7.Ne2 a6 8.Bd3 Nc6
9.c3 Bc5 10.b4 Ba7 11.cxd4 d5 12.b5 axb5 13.Bxb5 O-O 14.Bxc6 bxc6 15.e5 Qa5
16.a4 c5 17.Ba3 Bd7 18.Nf4 Bxa4 19.Qg4 Qxd2 20.Nh5 Qh6 21.Nf6+ Kh8 22.Bc1 Qg6
23.Rxa4 gxf6 24.Qh4 Bb6 25.Rxa8 Rxa8 26.dxc5 Bxc5 27.exf6  1/2-1/2

[Event "7th Itau Cup"]
[Site "Sao Paulo BRA"]
[Date "2003.10.05"]
[Round "9"]
[White "Pelikian,J"]
[Black "Marques,V"]
[Result "1/2-1/2"]
[WhiteElo "2415"]
[BlackElo "2380"]

1.e4 c5 2.Nf3 Nc6 3.Bb5 g6 4.O-O Bg7 5.c3 Nf6 6.Re1 O-O 7.d4 cxd4 8.cxd4 d5
9.e5 Ne4 10.Bxc6 bxc6 11.h3 f6 12.exf6 exf6 13.Nc3 Re8 14.Bf4 g5 15.Bh2 Bf5
16.Nd2 Bg6 17.f3 Nxc3 18.bxc3 Qa5 19.Qb3 Qa6 20.Ne4 Qc4 21.Nc5 Bf8 22.Qxc4 dxc4
23.Ne4 Re6 24.Nc5 Rxe1+ 25.Rxe1 Bxc5 26.dxc5 Kf7 27.Bd6 Re8 28.Rxe8 Kxe8
29.Kf2 Bb1 30.a3 a5 31.g4 a4 32.f4 gxf4 33.Kf3 Kf7 34.Kxf4 Ke6 35.Bc7 Bd3  1/2-1/2

[Event "Femida"]
[Site "Kharkov UKR"]
[Date "2003.10.06"]
[Round "1"]
[White "Doluhanova,E"]
[Black "Eidelson,R"]
[Result "0-1"]
[WhiteElo "2175"]
[BlackElo "2261"]

1.e4 c5 2.Nf3 Nc6 3.Bb5 Qc7 4.O-O a6 5.Bxc6 dxc6 6.a4 a5 7.Na3 e5 8.Nc4 f6
9.d3 Bg4 10.Bd2 b6 11.Re1 Bd6 12.Qe2 Ne7 13.Kh1 Ng6 14.h3 Be6 15.Nh2 O-O
16.Ng4 Rae8 17.Nge3 Nf4 18.Qf1 g6 19.Rad1 Be7 20.Ng4 h5 21.Nh2 Rf7 22.Nf3 Rg7
23.Ng1 h4 24.Ne2 Nh5 25.f3 Bd8 26.Qf2 Qf7 27.Ng1 Kh7 28.Ne3 f5 29.exf5 gxf5
30.f4 exf4 31.Nc4 f3 32.gxf3  0-1

[Event "Artic Cup u16"]
[Site "Salekhard RUS"]
[Date "2003.10.06"]
[Round "2"]
[White "Demakov,P"]
[Black "Makarov,L"]
[Result "1/2-1/2"]
[WhiteElo "2198"]
[BlackElo "2036"]

1.e4 c5 2.Nf3 Nc6 3.Bb5 g6 4.Bxc6 bxc6 5.O-O Bg7 6.d3 d6 7.h3 h6 8.Re1 e5
9.c3 Ne7 10.d4 cxd4 11.cxd4 exd4 12.Nxd4 O-O 13.Nc3 Qb6 14.Nb3 Rd8 15.Be3 c5
16.Qd2 Kh7 17.Rad1 Be6 18.Nd5 Nxd5 19.exd5 Bf5 20.g4 Bd7 21.Qe2 Ba4 22.Qf3 Rd7
23.Rd3 Re8 24.Kg2 Qb5 25.Red1 c4 26.Nd4 Bxd1 27.Rxd1 Qxb2 28.g5 h5 29.Re1 c3
30.Nf5 Bh8 31.Nxd6 Ree7 32.Nc8 Re8 33.Nd6 Ree7 34.Ne4 Rxe4 35.Qxe4 Qxa2 36.Rd1 c2
37.Rc1 Qxd5 38.Qxd5 Rxd5 39.Rxc2 a5 40.Rc7 Kg8 41.h4 Bd4 42.Bf4 Rc5 43.Rd7 Bc3
44.Rd8+ Kg7 45.Bd6 Rc4 46.Bf8+ Kh7 47.Rd7 Kg8 48.Rd8 a4 49.Ra8 Kh7 50.Ra7  1/2-1/2

[Event "Open"]
[Site "Winterthur SUI"]
[Date "2003.10.06"]
[Round "4"]
[White "Sarakauskas,G"]
[Black "Lehmann,M"]
[Result "1-0"]
[WhiteElo "2428"]
[BlackElo "2180"]

1.e4 c5 2.Nf3 Nc6 3.Bb5 Nd4 4.Nxd4 cxd4 5.O-O a6 6.Bc4 e6 7.d3 g6 8.f4 Ne7
9.f5 exf5 10.Bg5 Qb6 11.exf5 d5 12.f6 dxc4 13.fxe7 Bg7 14.Qf3 Be6 15.Nd2 c3
16.Nc4 Bxc4 17.dxc4 f5 18.bxc3 dxc3+ 19.Kh1 h6 20.Bh4 Qc6 21.Qd3 Bf6 22.Bxf6 Qxf6
23.Rab1 Kf7 24.Rxb7 Rhe8 25.Re1 Kg7 26.h3 Rac8 27.Qd7 Ra8 28.c5 Qh4 29.Qe6 f4
30.Rb6 Qg5 31.Re5  1-0

[Event "Osen II"]
[Site "Alushta UKR"]
[Date "2003.10.07"]
[Round "15"]
[White "Kovalev,A"]
[Black "Belikov,V"]
[Result "1/2-1/2"]
[WhiteElo "2554"]
[BlackElo "2499"]

1.e4 c5 2.Nf3 Nc6 3.Bb5 g6 4.O-O Bg7 5.Re1 Nf6 6.e5 Nd5 7.Nc3 Nc7 8.Bxc6 dxc6
9.Ne4 b6 10.Nf6+ Kf8 11.Ne4 Bg4 12.d3 Ne6 13.Ned2 Qd5 14.h3 Bxf3 15.Nxf3 Rd8
16.Qe2  1/2-1/2

[Event "Arctic Cup u16"]
[Site "Salekhard RUS"]
[Date "2003.10.07"]
[Round "4"]
[White "Kuznetsova,T"]
[Black "Schulz,St"]
[Result "0-1"]
[WhiteElo "2020"]
[BlackElo "2097"]

1.e4 c5 2.Nf3 Nc6 3.Bb5 g6 4.Bxc6 bxc6 5.O-O Bg7 6.Re1 Nf6 7.d3 O-O 8.Nc3 d6
9.Bg5 h6 10.Bd2 e5 11.Ne2 Qe7 12.Ng3 Ne8 13.c3 Nc7 14.Qa4 Bd7 15.Qc2 Bg4
16.d4 Bxf3 17.gxf3 cxd4 18.cxd4 Ne6 19.dxe5 Nd4 20.Qd3 Qxe5 21.f4 Qb5 22.Qe3 Nc2
23.Qf3 Nxa1 24.Rxa1 Qxb2 25.Rd1 d5 26.Bc1 Qxa2 27.exd5 cxd5 28.Rxd5 Rac8
29.Rd1 Rcd8 30.Rf1 Qd5 31.Qg4 a5 32.f5 Kh7 33.Qh3 Qf3 34.fxg6+ fxg6 35.Qe6 Rd1
36.Be3 Rxf1+ 37.Nxf1 a4 38.Qa2 Qd1 39.Bc5 Rf5 40.Be3 Qb3 41.Qd2 a3 42.Qd7 a2
43.Bd4 Rg5+ 44.Ng3 Qd1+  0-1

[Event "FSIM October"]
[Site "Budapest HUN"]
[Date "2003.10.08"]
[Round "5"]
[White "Werner,Di"]
[Black "Kaposztas,M"]
[Result "1/2-1/2"]
[WhiteElo "2342"]
[BlackElo "2309"]

1.e4 c5 2.Nf3 Nc6 3.Bb5 g6 4.O-O Bg7 5.Re1 a6 6.Bf1 e5 7.a3 d6 8.Bc4 Nge7
9.d3 O-O 10.c3 b5 11.Ba2 a5 12.a4 b4 13.Nbd2 Rb8 14.Bc4 Qc7 15.Nf1 Nd8 16.Bd2 Kh8
17.cxb4 cxb4 18.Rc1 Qb7 19.Ne3 Ne6 20.Nd5 Nxd5 21.Bxd5 Qe7 22.h3 Bd7 23.Be3 Rfc8
24.Rc4 f5 25.Ba7 Rxc4 26.dxc4 Rc8 27.Bb6 fxe4 28.Nd2 Nc5 29.Bxc5 Rxc5 30.Nxe4 Rc8
31.b3 Bf5 32.Qd2 Bxe4 33.Bxe4 Qf6 34.g3 Rf8 35.Re2 Qe6 36.Kg2 Bf6 37.Qe3 Bd8
38.Rd2 Qf6 39.Rd5 Bc7 40.h4 Kg7 41.Rd3 Rf7 42.Rd1 Bb8  1/2-1/2

[Event "zt 3.1a"]
[Site "Dubai UAE"]
[Date "2003.10.08"]
[Round "4"]
[White "Khairallah,F"]
[Black "Taleb,M"]
[Result "1/2-1/2"]
[WhiteElo "2259"]
[BlackElo "2399"]

1.e4 c5 2.Nf3 Nc6 3.Bb5 g6 4.Bxc6 dxc6 5.d3 Bg7 6.h3 Nf6 7.Nc3 O-O 8.Be3 b6
9.Qd2 e5 10.Bh6 Qd6 11.O-O Re8 12.Bxg7 Kxg7 13.b3 Bd7 14.Ne2 Rad8 15.Qc3 Nh5
16.a3 Qf6 17.Nh2 Nf4 18.Nxf4 exf4 19.Qxf6+ Kxf6 20.Nf3 Kg7 21.Rfe1 f5 22.Nd2 fxe4
23.Rxe4 Rxe4 24.Nxe4 f3 25.g4 h5 26.gxh5 Rh8 27.Ng5 Rxh5 28.Nxf3 Bxh3 29.Re1 Kf6
30.Re8 Be6 31.Nd2 Bd5 32.Ne4+ Bxe4 33.dxe4 Rh3 34.Rc8 Rc3 35.Rxc6+ Kg5 36.b4 Rxc2
37.bxc5 bxc5 38.Kg2 Kf4 39.Rxg6 Kxe4 40.Ra6 c4 41.Rxa7 Ra2 42.a4 c3 43.a5 c2
44.Rc7 Kd3 45.Rd7+ Kc3 46.Rc7+ Kb2 47.Rb7+ Ka1 48.Rc7 Kb1 49.Kg3 Ra3+ 50.Kg4 Kb2
51.a6 c1=Q 52.Rxc1 Kxc1 53.f4 Kd2 54.f5 Rxa6 55.Kg5 Ke3 56.f6 Ke4 57.f7 Ra8
58.Kf6 Kd5 59.Kg7 Ke6 60.f8=Q Rxf8 61.Kxf8  1/2-1/2

[Event "zt 3.1a"]
[Site "Dubai UAE"]
[Date "2003.10.09"]
[Round "6"]
[White "Al Sayed,Mohamad"]
[Black "Taleb,M"]
[Result "1/2-1/2"]
[WhiteElo "2449"]
[BlackElo "2399"]

1.e4 c5 2.Nf3 Nc6 3.Bb5 g6 4.Nc3 Bg7 5.O-O Nd4 6.Bc4 d6 7.Nxd4 cxd4 8.Qf3 Nf6
9.Ne2 Qb6 10.c3 dxc3 11.Nxc3 O-O 12.d3 Bd7 13.Rb1 Qc5 14.Be3 Qc8 15.Bg5 Be6
16.Rfc1 Bxc4 17.dxc4 Re8 18.Qd3 Qg4 19.Be3 Qh5 20.h3 Bh6 21.Bxh6 Qxh6 22.Nd5 Nxd5
23.exd5 Qf4 24.Re1 Qf6 25.Re3 e5 26.dxe6 Rxe6 27.Rxe6 Qxe6 28.Rd1 Rd8 29.b3 b6
30.Qd2 Qf6 31.Re1 Kg7 32.a4 Rd7 33.a5 bxa5 34.Qxa5 Rb7 35.Re3 Qb2 36.Qa4  1/2-1/2

[Event "zt 3.1a"]
[Site "Dubai UAE"]
[Date "2003.10.10"]
[Round "7"]
[White "Al Tamimi,H"]
[Black "Al Sayed,Mohamad"]
[Result "0-1"]
[WhiteElo "2178"]
[BlackElo "2449"]

1.e4 c5 2.Nf3 Nc6 3.Bb5 g6 4.Bxc6 bxc6 5.O-O Bg7 6.Re1 f6 7.c3 Nh6 8.d4 cxd4
9.cxd4 O-O 10.Nc3 Nf7 11.b3 Qa5 12.Bb2 Qh5 13.h3 d6 14.Ne2 Ng5 15.Nxg5 Qxg5
16.Qc1 Qb5 17.Nc3 Qh5 18.Qd1 Qg5 19.Qc1 Qh4 20.Ne2 Bd7 21.Ng3 f5 22.exf5 gxf5
23.Qe3 f4 24.Qxe7 Qxe7 25.Rxe7 fxg3 26.Rxd7 Rxf2 27.Rb1 Re8  0-1

[Event "ch-Africa"]
[Site "Abuja NGR"]
[Date "2003.10.11"]
[Round "2"]
[White "Adebayo,A"]
[Black "Aoudia,K"]
[Result "1/2-1/2"]
[WhiteElo "2248"]
[BlackElo "2156"]

1.e4 c5 2.Nf3 Nc6 3.Bb5 g6 4.O-O Bg7 5.c3 Nf6 6.e5 Nd5 7.Qe2 O-O 8.d4 cxd4
9.cxd4 a6 10.Bc4 Nb6 11.Bb3 d6 12.h3 Na5 13.Bc2 Be6 14.Rd1 Rc8 15.Nc3 Qc7
16.Bf4 Bc4 17.Qe4 Be6 18.Qe2 Bc4 19.Qe4 Be6 20.Qe2  1/2-1/2

[Event "ch-Africa"]
[Site "Abuja NGR"]
[Date "2003.10.11"]
[Round "2"]
[White "Belkacem,K"]
[Black "Chahrani,I"]
[Result "1-0"]
[WhiteElo "2121"]
[BlackElo "2246"]

1.e4 c5 2.Nf3 Nc6 3.Bb5 d6 4.O-O e5 5.c3 f5 6.d3 Nf6 7.Re1 Be7 8.Nbd2 a6
9.Ba4 b5 10.Bb3 Na5 11.Bc2 fxe4 12.Nxe4 Nxe4 13.dxe4 Be6 14.a4 O-O 15.axb5 axb5
16.h3 Kh8 17.Re3 Qb6 18.Rb1 Rab8 19.b3 Qa6 20.b4 cxb4 21.cxb4 Nc4 22.Rc3 Rbd8
23.Bd3 d5 24.exd5 Na5 25.Bc2 Kg8 26.Ra1 Kh8 27.Rb1 Rb8 28.Re3 Nc4 29.Rc3 Rbd8
30.Bd3 Bxd5 31.Qe2 e4 32.Qxe4 Bd6 33.g3 Nd2 34.Kh2 Bxb4 35.Rc2  1-0

[Event "FSIM October"]
[Site "Budapest HUN"]
[Date "2003.10.11"]
[Round "8"]
[White "Rudolf,A"]
[Black "Babos,C"]
[Result "1-0"]
[WhiteElo "2205"]
[BlackElo "2274"]

1.e4 c5 2.Nf3 Nc6 3.Bb5 e6 4.Bxc6 bxc6 5.Qe2 Ne7 6.d3 Ng6 7.h4 h5 8.e5 Be7
9.Qe4 Rb8 10.Na3 Nf8 11.Nc4 Ba6 12.g3 Bxc4 13.dxc4 f6 14.O-O Kf7 15.b3 Ng6
16.Bb2 Qc7 17.Rad1 Rbd8 18.Rd3 Nxe5 19.Bxe5 fxe5 20.Nxe5+ Kg8 21.Ng6  1-0